000 00620nam a22002177a 4500
003 UA-OsUOA
001 45787
007 ta
008 20111128b un ||||| |||| 00| 0 ukr d
090 _a94(477).09
942 _cBR
040 _aUA-OsUOA
_beng
_cUA-OsUOA
_dUA-OsUOA
245 _aGenocide in Ukrainian 1932-1933
_bTeacher's Guide
300 _a33 p.
955 _a4
041 _aeng
080 _a94(477).09
650 7 _a9 Географія. Біографії. Історія
_2UDC
999 _c425889
_d425889